| 000 | 00607nam a2200217Ia 4500 | ||
|---|---|---|---|
| 003 | OSt | ||
| 005 | 20250201115103.0 | ||
| 008 | 210716s1979 xx 000 0 und d | ||
| 020 | _a0385115350 | ||
| 040 | _cAIMIT LIBRARY | ||
| 041 | _aeng | ||
| 082 |
_a813.54 _21 _bMORS |
||
| 100 |
_aMorris, Suzanne. _9196935 |
||
| 245 |
_aKeeping secrets / _cBy Suzanne Morris. |
||
| 250 | _a1st ed. | ||
| 260 |
_aNew York : _bDoubleday and Company, Inc ; _c1979. |
||
| 300 |
_a443p. ; _bPB _c21 cm. |
||
| 650 |
_aElectra cabot _9196936 |
||
| 650 |
_aCamille devera _9196937 |
||
| 942 |
_2ddc _cBK _e1st ed. _k813.54 MORS |
||
| 999 |
_c200154 _d200154 |
||